Statistics for Districts of Lebanon with a Map

Click here to take the quiz!

General Stats

  • This quiz has been taken 540 times
  • The average score is 14 of 25

Answers on the Map

Answers color-coded by a green-red scale on the quiz's map according to % correct below.
 

Answer Stats

Districts% Correct
Tripoli
86%
Byblos
78%
Tyre
76%
Baalbek
75%
Sidon
71%
Akkar
67%
Hermel
67%
Zahlé
67%
Nabatieh
64%
Batroun
61%
Keserwan
57%
Matn
54%
Chouf
53%
Baabda
51%
Jezzine
51%
Aley
50%
Zgharta
46%
Bint Jbeil
45%
Koura
44%
Hasbaya
41%
Marjeyoun
41%
Rashaya
40%
Bsharri
29%
Miniyeh-Danniyeh
29%
Western Baqaa
19%

Score Distribution

Percentile by Number Answered

Percent of People with Each Score

Your Score History

You have not taken this quiz